000 01053nam0a22002771 4500
001 RU\NLR\A1SV\13690
005 20251203171251.9
035 _a(NLR Aleph) 009698998
090 _a9775014
_c9775014
100 _a19800104d1922 u y0rusy50 ca
101 0 _arus
102 _aRU
200 1 _aСытый голодного да разумеет!
_e(Пособие для агитаторов, лекторов и руководителей бесед в деревен. клубах, избах-читальнях и нардомах)
_fНиколай Виноградов
_gКостром. губполитпросвет
210 _aКострома
_c1 Гос. (коммун.) тип.
_d1922
215 _a7 с.
_d18 см
620 _dКострома
700 1 _aВиноградов
_bН.Н.
_f1876-1938
_gНиколай Николаевич
801 0 _aRU
_bNLR
_c19800104
852 _aNLR
_j17.144.1.265
899 _aРКП
899 _aРГБ
899 _aКостОУНБ
942 _cBOOK
980 _aNB
980 _aA1SV